Normal view MARC view

Entry Personal Name

Number of records used in: 1

001 - CONTROL NUMBER

  • control field: 28515

003 - CONTROL NUMBER IDENTIFIER

  • control field: OSt

005 - DATE AND TIME OF LATEST TRANSACTION

  • control field: 20211101105213.0

008 - FIXED-LENGTH DATA ELEMENTS

  • fixed length control field: 211101|| aca||aabn | a|a d

040 ## - CATALOGING SOURCE

  • Original cataloging agency: OSt
  • Transcribing agency: OSt

100 ## - HEADING--PERSONAL NAME

  • Personal name: Lundåsen, Susanne Wallman

670 ## - SOURCE DATA FOUND

  • Source citation: Work cat.: (OSt)518094: Lundåsen, Susanne Wallman , Patterns of civil society organizations’ attempts to influence local politicians and local civil servants

Powered by Koha